<?xml version="1.0" encoding="UTF-8"?>
<record
    xmlns:xsi="http://www.w3.org/2001/XMLSchema-instance"
    xsi:schemaLocation="http://www.loc.gov/MARC21/slim http://www.loc.gov/standards/marcxml/schema/MARC21slim.xsd"
    xmlns="http://www.loc.gov/MARC21/slim">

  <leader>00862nam a22002417a 4500</leader>
  <controlfield tag="003">OSt</controlfield>
  <controlfield tag="005">20260617125547.0</controlfield>
  <controlfield tag="008">260617b        |||||||| |||| 00| 0 eng d</controlfield>
  <datafield tag="020" ind1=" " ind2=" ">
    <subfield code="a">9781412926027</subfield>
  </datafield>
  <datafield tag="040" ind1=" " ind2=" ">
    <subfield code="c">Chuka University Library</subfield>
  </datafield>
  <datafield tag="050" ind1=" " ind2=" ">
    <subfield code="a">LC 1099.3 .C8 2008</subfield>
  </datafield>
  <datafield tag="100" ind1=" " ind2=" ">
    <subfield code="a">Lindsey, Randall B.</subfield>
    <subfield code="9">28571</subfield>
  </datafield>
  <datafield tag="245" ind1=" " ind2=" ">
    <subfield code="a">Culturally Proficient Inquiry</subfield>
    <subfield code="b">A Lens for Identifying and Examining Educational Gaps</subfield>
  </datafield>
  <datafield tag="260" ind1=" " ind2=" ">
    <subfield code="a">Thousand Oaks</subfield>
    <subfield code="b">Corwin Press</subfield>
    <subfield code="c">2008</subfield>
  </datafield>
  <datafield tag="300" ind1=" " ind2=" ">
    <subfield code="a">Various Paging</subfield>
    <subfield code="b">Index and Bibliographical References</subfield>
  </datafield>
  <datafield tag="650" ind1=" " ind2=" ">
    <subfield code="a">Multicultural Education-United States</subfield>
    <subfield code="9">27050</subfield>
  </datafield>
  <datafield tag="650" ind1=" " ind2=" ">
    <subfield code="a">Education -Political Aspects- United States</subfield>
    <subfield code="9">29726</subfield>
  </datafield>
  <datafield tag="650" ind1=" " ind2=" ">
    <subfield code="a">Academic Achievement- United States</subfield>
    <subfield code="9">27676</subfield>
  </datafield>
  <datafield tag="700" ind1=" " ind2=" ">
    <subfield code="a">Stephanie M. Graham</subfield>
    <subfield code="9">29727</subfield>
  </datafield>
  <datafield tag="700" ind1=" " ind2=" ">
    <subfield code="a">R. Chris Westphal Jr.</subfield>
    <subfield code="9">29728</subfield>
  </datafield>
  <datafield tag="700" ind1=" " ind2=" ">
    <subfield code="a">Cynthia L. Jew</subfield>
    <subfield code="9">29729</subfield>
  </datafield>
  <datafield tag="942" ind1=" " ind2=" ">
    <subfield code="2">lcc</subfield>
    <subfield code="c">BK</subfield>
    <subfield code="n">0</subfield>
  </datafield>
  <datafield tag="952" ind1=" " ind2=" ">
    <subfield code="0">0</subfield>
    <subfield code="1">0</subfield>
    <subfield code="2">lcc</subfield>
    <subfield code="4">0</subfield>
    <subfield code="7">0</subfield>
    <subfield code="8">LGL</subfield>
    <subfield code="a">CHK</subfield>
    <subfield code="b">CHK</subfield>
    <subfield code="c">GEN</subfield>
    <subfield code="d">2026-06-17</subfield>
    <subfield code="e">Donations from book of Africa</subfield>
    <subfield code="l">0</subfield>
    <subfield code="o">LC 1099.3 .C8 2008</subfield>
    <subfield code="p">35101/2026</subfield>
    <subfield code="r">2026-06-17 12:57:46</subfield>
    <subfield code="v">5300.57</subfield>
    <subfield code="w">2026-06-17</subfield>
    <subfield code="y">BK</subfield>
  </datafield>
  <datafield tag="952" ind1=" " ind2=" ">
    <subfield code="0">0</subfield>
    <subfield code="1">0</subfield>
    <subfield code="2">lcc</subfield>
    <subfield code="4">0</subfield>
    <subfield code="7">0</subfield>
    <subfield code="8">LGL</subfield>
    <subfield code="a">CHK</subfield>
    <subfield code="b">CHK</subfield>
    <subfield code="c">GEN</subfield>
    <subfield code="d">2026-06-22</subfield>
    <subfield code="e">Donations From Books For Africa</subfield>
    <subfield code="l">0</subfield>
    <subfield code="o">LC 1099.3 .C8 2008</subfield>
    <subfield code="p">35710/2026</subfield>
    <subfield code="r">2026-06-22 13:56:25</subfield>
    <subfield code="w">2026-06-22</subfield>
    <subfield code="y">BK</subfield>
  </datafield>
  <datafield tag="999" ind1=" " ind2=" ">
    <subfield code="c">24556</subfield>
    <subfield code="d">24556</subfield>
  </datafield>
</record>
